00752nam a22002057a 4500003001100000005001700011008004100028020001500069040003900084041000800123082001500131100002500146130009500171245004500266260003900311300004200350490006100392650004000453650005300493LK-CoMWRAF20231213113509.0231213b2001 |||||||| |||| 00| 0 eng d a9555820872 aLK-CoMWRAFdLK-CoMWRAFeLK-CoMWRAF aeng a305.8bMAC aMcGilvray, Dennis B. aA history of ethnic conflict in Sri Lanka: recollection, reinterpretation & reconciliation a Tamil and Muslim identities in the East aColombo: bMarga Institute,c 2001 a37 p. ; 23 cm bBibliography included aMarga monograph series on ethnic reconciliation vno. 24 aMuslims- Sri Lanka- Ethnic identity aTamil (Indic people-) Sri Lanka- Ethnic identity